Quizzes
Events
Quiz Creation
Community
Videos
Private Events
Remove Ads
Sign In
Join for FREE
Feedback
Dark Mode
Quiz Categories
Sports
Geography
Music
Movies
Television
Just For Fun
Miscellaneous
History
Literature
Language
Science
Gaming
Entertainment
Religion
Holiday
For Kids
Quiz Lab
Recent
Popular Today
Quiz Kudos Today
Editor Picks
Curator Picks
Quizzes by...
Day
Popularity
Type
Ratings
Length
Year
Community
Subscriptions
Recent Discussions
Orange Saloon
Badges
Playlists
Quests
Create
Leaderboards
Showdown
Live 5
Trivia Bingo
Activity
Puzzle Library
Sporcle Events
Private Events
Virtual Trivia
Globe League
Become a Host
Pub Owners
SporcleCon
Opinionation
Our Games
Videos
Blog
Mobile Apps
Partnerships
Remove Ads and Go Orange
Feedback
Sports
Athletes
MLB
NBA
NHL
NFL
Soccer
Sports Teams
WWE
NCAA
Football
Premier League
Basketball
Baseball
Hockey
Golf
Tennis
Cricket
Rugby
Auto Racing
Olympics
World Cup
Sports
Athletes
MLB
NBA
NHL
NFL
Soccer
Sports Teams
WWE
NCAA
Football
Premier League
Basketball
Baseball
Hockey
Golf
Tennis
Cricket
Rugby
Auto Racing
Olympics
World Cup
Random Quiz
Search Sporcle
×
Quiz Lab
Quiz Lab
Sports
Baseball
Type in answers that appear in a list
Type in answers that appear in a list
Classic
Best Score? Go Orange.
Top 50 MLB by WAR Stats
Can you name the top 50 players in the MLB by War in 2017 through May 24, ranked by ESPN?
By
NewYorkYankees38
10m
50 Questions
127 Plays
127 Plays
127 Plays
Comments
Comments
Give Quiz Kudos
Give Quiz Kudos
-
- Ratings
hide this ad
Replay
Link that replays current quiz
Next Quiz
Link to next quiz in quiz playlist
You Got
0%
They Got
Avg Score
47%
Avg Friend Score
Upgrade to see
Score Distribution
Jump to the score distribution portion of the page
Score
0/50
Timer
10:00
0
Plays Today
Team
Player
% Correct
Angels
Mike Trout
97.6%
Yankees
Aaron Judge
96.1%
Diamondbacks
Paul Goldschmidt
79.5%
Nationals
Bryce Harper
79.5%
Braves
Freddie Freeman
78%
Dodgers
Clayton Kershaw
74.8%
Rockies
Nolan Arenado
72.4%
Reds
Joey Votto
72.4%
Red Sox
Chris Sale
71.7%
Red Sox
Mookie Betts
70.1%
Astros
Dallas Keuchel
68.5%
Twins
Miguel Sano
66.9%
Astros
Jose Altuve
65.4%
Diamondbacks
Zack Greinke
64.6%
Twins
Ervin Santana
63%
Cubs
Kris Bryant
62.2%
Dodgers
Justin Turner
54.3%
Nationals
Ryan Zimmerman
54.3%
Giants
Buster Posey
53.5%
Yankees
Brett Gardner
51.2%
Rays
Corey Dickerson
49.6%
Indians
Carlos Carrasco
48%
Pirates
Gerrit Cole
47.2%
Reds
Zack Cozart
46.5%
Mets
Michael Conforto
45.7%
Team
Player
% Correct
Rangers
Yu Darvish
44.9%
Royals
Danny Duffy
40.9%
Cardinals
Jedd Gyorko
40.2%
Nationals
Anthony Rendon
39.4%
Blue Jays
Marcus Stroman
39.4%
Blue Jays
kevin Pillar
38.6%
Brewers
Eric Thames
37.8%
Reds
Eugenio Suarez
37%
Cardinals
Mike Leake
36.2%
White Sox
Avisail Garcia
35.4%
Blue Jays
Marco Estrada
32.3%
Indians
Andrew Miller
32.3%
Orioles
Dylan Bundy
29.1%
Marlins
Marcell Ozuna
29.1%
White Sox
Leury Garcia
29.1%
Royals
Jason Vargas
26%
Tigers
Michael Fulmer
25.2%
Pirates
Ivan Nova
23.6%
Yankees
Aaron Hicks
22.8%
Mariners
James Paxton
21.3%
Twins
Max Kepler
20.5%
Mariners
Mitch Haniger
15%
Rockies
Antonio Senzatela
14.2%
Rockies
Kyle Freeland
7.9%
Astros
Lance McCullers Jr.
7.9%
Quiz Playlist
Details
Report
Send in Message
Add To Playlist
Classic:
Type in answers that appear in a list
Last Updated: May 26, 2017
Quiz Scoreboard
CHALLENGE
Sign Up to Join the Scoreboard
Show All
Scores
Hide
Comments
May contain spoilers
Recently Published
Pick 6: Fruits
by JohnFran
Miscellaneous
15s
Click the 1999 NBA Draft
by nibperrychub
Sports
2m
Alphabetical 'K' Countries by Flag Minefield
by ylime102
Geography
3m
More to Explore
Quiz From the Vault
Featured Blog Post
15 Basketball Trivia Facts You Can Be March Mad About
hide this ad
You Might Also Like...
Tags
Baseball Quiz
MLB Quiz
Today's Top Quizzes in Sports
Browse Sports
hide this ad
Today's Top Quizzes in Baseball
Browse Baseball
Top Contributed Quizzes in Sports
1
Les joueurs à 100 buts en Ligue 1 Uber Eats
2
Pick 6: NFL Teams
3
MLB 2 truths and a lie: Hall of Fame pitchers
4
2022 World Cup Stars
5
Criteria MLB: Left Handed Sluggers
6
Millionaire: NBA Finals Edition
7
Pick 6: Minor League Baseball
8
Click the 1998 NBA Draft
9
Don't Strike Out: 3000 Strikeouts
10
Pick 6: Olympics
Explore More
Trending Topics
Marvel
Anime
Kpop
Harry Potter
NBA
Crossword
Disney
WWE
Pokémon
Country
NFL
Song
Soccer
The Office
Puzzle
hide this ad
More By:
NewYorkYankees38
Quiz
Plays
Rating
Category
Featured
Created
The Entertainer Billy Joel Lyrics
510
4.75
Music
May 1, 2017
top 50 MLB by WAR
127
2.33
Sports
May 25, 2017
Big 4 teams blitz
55
1.00
Sports
Jun 12, 2017
Go to Creator's Profile
Score Distribution
Quiz Creator Spotlight
NewYorkYankees38
Follow
Send a Message
Quizzes Created
-
Created Quiz Play Count
-
More By This Creator
Popular Quizzes Today
1
Countries of Asia Without Outlines Minefield
2
Find the US States - No Outlines Minefield
3
Pick 6: Fruits
4
Alphabetical 'K' Countries by Flag Minefield
5
The Countries of the World
6
Find the US States
7
US States
8
Find the Countries of Europe - No Outlines Minefield
More Sports Quizzes
Nineties Football Nostalgia
Editor's Pick
Trending Quizzes
Pick 6: Mountains
Pick 6: Harry Potter
Pick 6: Flags
Pick 6: NFL Teams
Pick 6: Movie Franchises
Recently Updated
NWSL Teams
pecheneg
Women's Final Four Teams by Year
bhenderson79
Presidents Quartet II
eogle
Anything But Clue(do)
eogle
Anything But Oceanian Capitals
eogle
Anything But 7
eogle
Anything But Thing
eogle
Word Ladder: February 29
pecheneg
Song Title Questions
pecheneg
Women's NCAA Tournament #1 Seeds
pecheneg
Trending Topics
Anime
Kpop
Disney
Harry Potter
Crossword
Marvel
NBA
WWE
Country
Pokémon
NFL
Song
Soccer
The Office
Puzzle
Your Account Isn't Verified!
In order to create a playlist on Sporcle, you need to verify the email address you used during registration. Go to your
Sporcle Settings
to finish the process.
Report this User
Report this user for behavior that violates our
Community Guidelines
.
Details:
Send Report
Go to the Sporcle.com Mobile Site →
Comments